Posturas y cambios sobre ciencia y religión en estudiantes de humanidades (Record no. 215450)
[ view plain ]
| 000 -CABECERA | |
|---|---|
| campo de control de longitud fija | 01969nab a2200301 ab4500 |
| 005 - FECHA Y HORA DE LA ÚLTIMA TRANSACCIÓN | |
| campo de control | 20260625095919.0 |
| 008 - ELEMENTOS DE LONGITUD FIJA--INFORMACIÓN GENERAL | |
| campo de control de longitud fija | 260624c2026 cr|fr|p|o|||| 00| 0 spa d |
| 040 ## - FUENTE DE LA CATALOGACIÓN | |
| Centro catalogador/agencia de origen | MX-MxUPN |
| Lengua de catalogación | spa |
| Centro/agencia transcriptor | MX-MxUPN |
| Normas de descripción | aacr2 |
| 100 1# - ASIENTO PRINCIPAL--NOMBRE PERSONAL | |
| Nombre de persona | Aragón-Vargas, Luis Fernando |
| 9 (RLIN) | 60111 |
| 100 1# - ASIENTO PRINCIPAL--NOMBRE PERSONAL | |
| Nombre de persona | Tapia Balladares, Javier |
| 9 (RLIN) | 60112 |
| 100 1# - ASIENTO PRINCIPAL--NOMBRE PERSONAL | |
| Nombre de persona | Tenorio Mora, Carlos |
| 9 (RLIN) | 60113 |
| 100 1# - ASIENTO PRINCIPAL--NOMBRE PERSONAL | |
| Nombre de persona | Portuguez Molina, Priscilla |
| 9 (RLIN) | 60114 |
| 100 1# - ASIENTO PRINCIPAL--NOMBRE PERSONAL | |
| Nombre de persona | Brizuela Rodríguez, Armel |
| 9 (RLIN) | 60115 |
| 245 1# - MENCIÓN DE TÍTULO | |
| Título | Posturas y cambios sobre ciencia y religión en estudiantes de humanidades |
| Medio | [recurso electrónico en línea] |
| 506 0# - NOTA DE RESTRICCIONES AL ACCESO | |
| Limitaciones de acceso | Acceso abierto |
| 520 3# - NOTA DE RESUMEN, ETC. | |
| Sumario, etc. | Objetivo. Analizar la influencia de las creencias religiosas en sus vidas y cómo estas cambian en el primer año de estudios universitarios. Método. Se encuestaron 364 estudiantes de primer ingreso de la Universidad de Costa Rica con el propósito de analizar la influencia de las creencias religiosas en sus vidas y cómo estas cambian en el primer año de estudios. Se examinaron aspectos éticos, así como la integridad o coherencia en las creencias de esta población. Resultados. Se observó que este grupo le da más importancia a la religión (espiritualidad) que lo esperado; se verificó una tendencia a la espiritualidad sin religión. Los datos sugieren que el grupo no aumentó su claridad ética; más bien se confundió o volvió más pragmático. Se evidenció un grado importante de fragmentación: falta de coherencia entre las creencias religiosas y las opiniones o prácticas en su vida cotidiana |
| 650 #2 - ASIENTO SECUNDARIO DE MATERIA - TERMINO TEMATICO | |
| Término de materia o nombre geográfico como elemento de entrada | Religiosidad |
| 9 (RLIN) | 20569 |
| 650 #4 - ASIENTO SECUNDARIO DE MATERIA - TERMINO TEMATICO | |
| Término de materia o nombre geográfico como elemento de entrada | Ética |
| 9 (RLIN) | 12720 |
| 650 #2 - ASIENTO SECUNDARIO DE MATERIA - TERMINO TEMATICO | |
| Término de materia o nombre geográfico como elemento de entrada | Espiritualidad |
| 9 (RLIN) | 7223 |
| 650 #4 - ASIENTO SECUNDARIO DE MATERIA - TERMINO TEMATICO | |
| Término de materia o nombre geográfico como elemento de entrada | Ciencia |
| 9 (RLIN) | 7469 |
| 650 #4 - ASIENTO SECUNDARIO DE MATERIA - TERMINO TEMATICO | |
| Término de materia o nombre geográfico como elemento de entrada | Juventud |
| 9 (RLIN) | 14365 |
| 653 ## - TERMINO DE INDIZACION - NO CONTROLADO | |
| Término no controlado | Integridad |
| 653 ## - TERMINO DE INDIZACION - NO CONTROLADO | |
| Término no controlado | Fe |
| 773 ## - ENLACE AL DOCUMENTO FUENTE/ENTRADA DE REGISTRO ANFITRIÓN | |
| Parte(s) relacionada(s) | Vol. 40, no. 140 (2026), p. 78-99 |
| Título | Actualidades en psicología |
| Número Internacional Normalizado para Publicaciones Seriadas | 2215-3535 |
| 856 4# - LOCALIZACIÓN Y ACCESO ELECTRÓNICOS | |
| Identificador Uniforme del Recurso | <a href="https://revistas.ucr.ac.cr/index.php/ap/article/view/7081/9667">https://revistas.ucr.ac.cr/index.php/ap/article/view/7081/9667</a> |
| 902 ## - ELEMENTOS DE DATOS B LOCAL, LDB (RLIN) | |
| Creó | Gloria Jiménez/240626 |
| 942 ## - ELEMENTOS DE PUNTO DE ACCESO ADICIONAL (KOHA) | |
| Tipo de ítem Koha | Artículo Electrónico |
| Estado de retiro | Estado de pérdida | Estado dañado | No para préstamo | Código de colección | Localización permanente | Ubicación/localización actual | Ubicación en estantería | Fecha de adquisición | Total de préstamos | Fecha visto por última vez | Identificador Uniforme del Recurso | Precio válido a partir de | Tipo de ítem Koha |
|---|---|---|---|---|---|---|---|---|---|---|---|---|---|
| Acceso abierto | Bib. Gregorio Torres Quintero | Bib. Gregorio Torres Quintero | En línea | 24/06/2026 | 24/06/2026 | https://revistas.ucr.ac.cr/index.php/ap/article/view/7081/9667 | 24/06/2026 | Artículo Electrónico |
